Learner English : A teacher's guide to interference and other problems
Saved in:
| Format: | Book |
|---|---|
| Language: | Undetermined |
| Published: |
Cambridge, UK
Cambridge University Press
2001
|
| Subjects: | |
| Tags: |
Add Tag
No Tags, Be the first to tag this record!
|
| Institutions: | Trung tâm Học liệu Trường Đại học Cần Thơ |
|---|
| LEADER | 00642nam a2200205Ia 4500 | ||
|---|---|---|---|
| 001 | CTU_123667 | ||
| 008 | 210402s9999 xx 000 0 und d | ||
| 020 | |c 323000 | ||
| 082 | |a 428.0071 | ||
| 082 | |b L438 | ||
| 245 | 0 | |a Learner English : | |
| 245 | 2 | |b A teacher's guide to interference and other problems | |
| 245 | 0 | |c Edited by Michael Swan, Bernard Smith. | |
| 260 | |a Cambridge, UK | ||
| 260 | |b Cambridge University Press | ||
| 260 | |c 2001 | ||
| 650 | |a English language,Interference ( Linguistics ) | ||
| 650 | |x Study and teaching,Foreign speakers. | ||
| 904 | |i Minh | ||
| 980 | |a Trung tâm Học liệu Trường Đại học Cần Thơ | ||